00938 a2200181 4500020001500000020001800015082001100033100002100044245007800065250001200143260003700155300002100192500001500213520033700228700002200565856008200587856008700669 a0201157470 a978020115747504a658.181 aDaniels, John D.10aInternational business :benvironments and operations /cJohn D. Daniels. a5th ed. a[S.l.] :bAddison-Wesley,c1989. a751 p. ;c24 cm. aHardcover. aFor undergraduate courses in International Business. This text thoroughly discusses the differences faced in international environments, the overall strategies companies can take, and the functional alternatives for operating abroad. It features an abundance of colorful maps, strong opening and closing cases, and current examples.1 aRadebaugh, Lee H.403Amazon.comuhttp://www.amazon.com/exec/obidos/ASIN/0201157470/chopaconline-20403Amazon customer reviewsuhttp://www.chopac.org/cgi-bin/tools/azrev.pl?q=0201157470